Trenčín

Zobrazenie: Na striebornom podklade v bielom orámovaní pohľady na Trenčiansky hrad, Mestskú vežu, synagógu a hotel Laugaricio. Uprostred spodných pohľadov je umiestnený erb mesta

Bibliographic Details
Other Authors: Lužák, Ivan (fotograf) (Photographer), Šmátrala, Milan (fotograf) (Photographer), Zemiar, Bohuslav, 1952- (Photographer)
Format: Photo
Language:Slovak
PhysicalDescription:1 pohľadnica (4 čiastkové pohľady) farebná 15 x 11 cm
Published: Bratislava Pravda 1988
Subjects:

MARC

LEADER 00000ckm a2200000 a 4500
001 vtls001202848
003 SK-MaSNL
005 20260331203049.0
007 kf co
008 230718s1988 xo g 0kuslo
015 |a SNBG1988 
035 |a SNK000145918 
035 |a urn:nbn:sk:snk-km3lw8c 
035 |a 30651F38-B42C-4895-83F1-48452E054C97 
035 |a urn:nbn:sk:snk-km00drg4 
040 |a SNK  |b slo  |c SNK  |e AACR2 
041 0 |a slo 
043 |a e-xo--- 
044 |a xo  |c SK 
072 7 |a 913  |x Regionálna geografia  |2 konspekt 
080 |a 913(437.6)  |2 2011 
080 |a (084.121)  |2 2011 
080 |a 904:72  |2 2011 
080 |a 728.81  |2 2011 
080 |a 725/726.012.28  |2 2011 
080 |a 726:26-523.42  |2 2011 
100 1 |a Lužák, Ivan  |c (fotograf)  |4 pht  |9 354899 
245 1 0 |a Trenčín  |h grafika  |c foto Ivan Lužák, Milan Šmátrala, Bohuslav Zemiar 
246 1 |i Názov na adresnej časti:  |a Trenčín 
260 |a Bratislava  |b Pravda  |c 1988 
300 |a 1 pohľadnica (4 čiastkové pohľady)  |b farebná  |c 15 x 11 cm 
500 |a Názvové údaje prevzaté z obrazovej časti pohľadnice 
500 |a Na adresnej časti pohľadnice uvedené: Trenčín - dôležité hospodárske a priemyselné stredisko. Dejiny mesta sú späté s Trenčianskym hradom, ktorý vznikol na mieste staršieho opevneného hradiska. R. 1790 vyhorel, v súčasnosti rekonštruovaný 
520 8 |a Zobrazenie: Na striebornom podklade v bielom orámovaní pohľady na Trenčiansky hrad, Mestskú vežu, synagógu a hotel Laugaricio. Uprostred spodných pohľadov je umiestnený erb mesta 
610 2 7 |a Trenčiansky hrad (Trenčín, Slovensko)  |2 SNKKA  |9 33647 
650 0 7 |a hrady  |2 SNKPH  |9 3039 
650 0 7 |a synagógy  |2 SNKPH  |9 3020 
650 0 7 |a veže  |2 SNKPH  |9 30797 
650 0 7 |a národné kultúrne pamiatky  |2 SNKPH  |9 31192 
651 7 |a Trenčín (Slovensko)  |2 SNKPHgeo  |9 159956 
651 7 |a Mestská pamiatková rezervácia Trenčín (Slovensko)  |2 SNKPHgeo  |9 180389 
655 7 |a miestne pohľadnice  |2 SNKPH  |9 70510 
700 1 |a Šmátrala, Milan  |c (fotograf)  |4 pht  |9 164919 
700 1 |a Zemiar, Bohuslav,  |d 1952-  |4 pht  |9 47876 
852 |a Slovenská národná knižnica 
954 |a pohľadnice pôvodné (slovenské)  |2 lita 
958 |a GBN 
958 |a TL 
958 |a GC 
958 |a OND 
999 |c 697707  |d 699637 
952 |a SNK  |b SNK  |y PREZ  |7 0  |p 17A1287250  |o snkSP 140316 D1  |i snk3522/88  |0 0  |1 0  |4 0  |d 2019-03-21  |l 0  |r 2026-02-23 20:47:15  |w 2026-02-23 
952 |a SNK  |b SNK  |y PREZ  |7 0  |p 17A1287251  |o snkSP 140316  |i snk3521/88  |0 0  |1 0  |4 0  |d 2019-03-21  |f 1  |l 0  |r 2026-02-23 20:47:15  |w 2026-02-23